000 00720nam a2200217 a 4500
001 22822
003 CO-ViMGA
008 141112s2004 ck r 000 u spa d
020 _a970150853X
040 _aCO-ViMGA
_bspa
_cCO-ViMGA
082 0 4 _a333.715 G457e
100 1 _aGilpin, Alan
_932649
245 1 0 _aEconomìa Ambiental :
_bUn anàlisis crìtico
260 _aColombia :
_bAlfaomega
300 _a334p.
505 _aLa Economía y el ambiente, Personalidades, Instituciones, Desarrollo sostenible, Instrumentos econòmicos, C alentamiento global
650 1 4 _aDESARROLLO SOSTENIBLE
650 1 4 _aEconomía AMBIENTAL
_954728
650 1 4 _aIMPACTO AMBIENTAL - ASPECTOS ECONOMICOS
_932650
942 _2ddc
_cBK
999 _c31118
_d31118